000 01066nam a2200253Ia 4500
001 796.09-MAN ri st (16680)
003 IT-MiSPE
008 171229s9999||||xx |||||||||||||| ||und||
040 _aIT-MiSPE
_cIT-MiSPE
041 _aITALIANO
100 _aRichard D. Mandell
240 _aSport: A cultural history
245 0 _aStoria culturale dello sport
250 _a1a ed. (v)
260 _aBari
_bLaterza
_c1989
300 _a317 p.
_c21 cm
490 _aStoria e società
500 _aSport
501 _aEdizioni San Paolo srl - Piazza Soncino, 5 - 20092 CINISELLO BALSAMO (MI) (non commercial uses only) ® Copyright 2018
700 _aSalvatore Maddaloni
_g(traduzione)
942 _cBK
957 _71
999 _a3061
_bNO
_g Copie: 1
_c352415
_d352415